| 000 | 00817nam a22002177a 4500 | ||
|---|---|---|---|
| 999 |
_c6206 _d6206 |
||
| 003 | AR-CdUCM | ||
| 008 | 190313b ||||| |||| 00| 0 spa d | ||
| 040 |
_aMUNICIPALIDAD PROVINCIAL DEL CUSCO _cBIBLIOTECA MUNICIPAL DEL CUSCO |
||
| 082 |
_a868.51 / _bF83 |
||
| 100 |
_aFrisancho Pineda, Samuel _917904 |
||
| 245 | _aAntología de la poesía Puneña / | ||
| 260 |
_aPuno : _bEditorial Los Andes, _c1966. |
||
| 300 |
_a209 páginas ; _bFotografías, _c21 cm. |
||
| 500 | _aDonación familia Nieto | ||
| 505 | _aContenido: A manera de explicación -- Fundadores de Puno, de Enrique Ancieta -- Ondas tristes de Renato Morales de Ribera -- Himno a Puno legendario. De Adrian Solorzano... | ||
| 650 |
_aPoesía puneña _917905 |
||
| 650 |
_aPerú _935 |
||
| 650 |
_aSiglo XX _98 |
||
| 942 |
_2ddc _cLIBROS |
||
| 945 | _adavv | ||